000 00657nam a2200217Ia 4500
003 GCL
005 20240530104638.0
008 140319s9999 xx 000 0 ara d
040 _aGCL /
_cGCL
082 0 4 _a612.0142
_bو م
100 1 _aويدر ، بن
245 1 0 _aالمعركة ضد الاسترويدات مستمر /
_cبن ويدر
300 _a40 ص
490 _aسلسلة براهين العلم
_v0
650 0 4 _aالالعاب الرياضية
650 0 4 _aالرياضيون
650 0 4 _aالمنشطات الرياضية
650 0 4 _aالغش الرياضى
700 1 _aمنير ملك المنياوى
942 _2ddc
_cBK
999 _c49471
_d49471